| 000 | 00871nam a22002777a 4500 | ||
|---|---|---|---|
| 003 | CHAP | ||
| 005 | 20220329140651.0 | ||
| 008 | 971013s1974 r 00010 d | ||
| 010 | _a55678 | ||
| 011 | _a56650 | ||
| 035 | _a60803 | ||
| 040 | _cCHAP | ||
| 082 |
_a300 _bS4 |
||
| 100 | 0 | 0 |
_aSessions, Vivian S. _eed. _9105359 |
| 245 | _aDirectory of data bases in the social and behavioral sciences | ||
| 260 |
_aNew York : _bScience Associates/International, _c1974 |
||
| 300 | _a300 p. | ||
| 590 |
_aBATCH-UPD _b10 _c20130110 _lUCH01 _h0450 |
||
| 590 |
_aBATCH-UPD _b10 _c20130410 _lUCH01 _h0128 |
||
| 590 |
_aBATCH-UPD _b10 _c20130914 _lUCH01 _h0936 |
||
| 590 |
_aCONVERSION _b10 _c20130109 _lUCH01 _h1330 |
||
| 650 | 1 | 4 |
_aCiencias sociales _xSistemas de información. _923235 |
| 901 | _aBK | ||
| 942 | _cLIBRO | ||
| 949 |
_a300 S4 _bBC _cC _d33724000480646 _eC _h41765 _i60803 _si |
||
| 999 |
_c55678 _d55678 |
||